Kabya batika (Record no. 8835)

MARC details
000 -LEADER
fixed length control field 00422cam a2200181ua 4500
001 - CONTROL NUMBER
control field 9833
005 - DATE AND TIME OF LATEST TRANSACTION
control field 20260515114529.0
008 - FIXED-LENGTH DATA ELEMENTS--GENERAL INFORMATION
fixed length control field 160909n ii |||gr||||Z||||||hin
040 ## - CATALOGING SOURCE
Transcribing agency MAIN
041 ## - LANGUAGE CODE
Language code of text/sound track or separate title hin
082 ## - DEWEY DECIMAL CLASSIFICATION NUMBER
Classification number 891.431
100 ## - MAIN ENTRY--PERSONAL NAME
Personal name Ojha, Dashrath,
Relator term Editor.
245 ## - TITLE STATEMENT
Title Kabya batika
Statement of responsibility, etc. Ed. by Dashrath Ojha
260 ## - PUBLICATION, DISTRIBUTION, ETC.
Place of publication, distribution, etc. Delhi:
Name of publisher, distributor, etc. Rajpal and sons,
Date of publication, distribution, etc. 2006.
300 ## - PHYSICAL DESCRIPTION
Extent 95p.
653 ## - INDEX TERM--UNCONTROLLED
Uncontrolled term Hindi poem
942 ## - ADDED ENTRY ELEMENTS (KOHA)
Koha item type Books
Holdings
Withdrawn status Lost status Damaged status Not for loan Home library Current library Shelving location Date acquired Total checkouts Full call number Barcode Date last seen Copy number Price effective from Koha item type
        Naharkatiya College Library Naharkatiya College Library General stacks 09/19/2020   891.431Hindi poem | OJH 18781 09/19/2020 1 09/19/2020 Books